[Event "10th European Teams w"]
[Site "Warsaw POL"]
[Date "2013.11.17"]
[Round "9.9"]
[White "Kiolbasa,Oliwia"]
[Black "Benmesbah,N"]
[Result "1/2-1/2"]
[WhiteElo "1982"]
[BlackElo "2248"]

1.e4 c5 2.Nf3 e6 3.d4 cxd4 4.Nxd4 Nc6 5.Nc3 Nf6 6.Nxc6 bxc6 7.e5 Nd5 8.Ne4 Qc7
9.f4 Qb6 10.c4 Bb4+ 11.Ke2 f5 12.exf6 Nxf6 13.Be3 Qa5 14.Nxf6+ gxf6 15.Kf2 h5
16.Bd3 Bc5 17.Re1 Qb6 18.Rb1 a5 19.Qf3 Bb7 20.Bg6+ Ke7 21.a3 Rag8 22.f5 Bxe3+
23.Rxe3 e5 24.b4 c5 25.Qe2 cxb4 26.axb4 axb4 27.Qe1 Ra8 28.Kf1 Qc5 29.Rxb4 Bc6
30.Rb2 Qxc4+ 31.Kg1 Qc5 32.Kh1 Ra5 33.h3 Rha8 34.Qb4 Qxb4 35.Rxb4 Ra3 36.Rxa3 Rxa3
37.Kg1 Ra1+ 38.Kf2 Ra2+ 39.Ke1 Bxg2 40.Rb8 Bxh3 41.Re8+ Kd6 42.Rf8 e4 43.Rxf6+ Ke5
44.Rb6 Ra1+ 45.Kd2 Rf1 46.Rb5+ Kf4 47.f6 e3+ 48.Ke2 Rf2+ 49.Ke1 Bg4 50.f7 Kg3
51.Rb3 Re2+ 52.Kf1 Rf2+ 53.Ke1 Re2+ 54.Kf1 Rf2+ 55.Ke1 Re2+ 56.Kf1  1/2-1/2

[Event "10th European Teams w"]
[Site "Warsaw POL"]
[Date "2013.11.17"]
[Round "9.3"]
[White "Papp,Petra"]
[Black "Galojan,L"]
[Result "0-1"]
[WhiteElo "2300"]
[BlackElo "2301"]

1.e4 c5 2.Nf3 e6 3.d4 cxd4 4.Nxd4 Nc6 5.Nc3 Qc7 6.f4 a6 7.Nxc6 Qxc6 8.Bd3 b5
9.Qe2 Bb7 10.Bd2 Bc5 11.O-O-O Ne7 12.a3 g6 13.g4 f6 14.h4 h5 15.g5 f5 16.Rhe1 O-O-O
17.e5 Kb8 18.Kb1 Rc8 19.Na2 Qf3 20.Qxf3 Bxf3 21.Rc1 Bb7 22.Re2 Bf3 23.Ree1 Bb7
24.Re2 Ka7 25.c4 bxc4 26.Rxc4 Nd5 27.Rc1 Bd4 28.Nc3 Nxc3+ 29.Bxc3 Bxc3 30.Rxc3 Rxc3
31.bxc3 Rc8 32.c4 Rc5 33.Kb2 Ra5 34.Rd2 Bc6 35.Kb3 Kb6 36.Be2 Rc5 37.Rd6 a5
38.Bf3 Kc7 39.Bxh5 gxh5 40.g6 Ba4+ 41.Kxa4 Rxc4+ 42.Kxa5 Rxf4 43.Rd1 Rg4
44.Rc1+ Kb7 45.Rb1+ Kc6 46.Rc1+ Kd5 47.Rd1+ Kxe5 48.Rxd7 Rxh4 49.Kb5 Rg4
50.g7 h4 51.a4 h3 52.Rd3 Rxg7 53.Rxh3 f4 54.a5 Rg3 55.Rxg3 fxg3 56.a6 g2
57.a7 g1=Q 58.a8=Q Qb1+ 59.Kc5 Qc2+ 60.Kb6 Qf2+ 61.Kb5 Qb2+ 62.Kc4 Qd4+ 63.Kb3 Qd5+
64.Qxd5+ Kxd5 65.Kc3 Ke4 66.Kd2 Kf3 67.Ke1 e5 68.Kf1 e4 69.Ke1 Ke3 70.Kd1 Kf2  0-1

[Event "ch-PAR 2013"]
[Site "Asuncion URU"]
[Date "2013.11.18"]
[Round "1.3"]
[White "Cubas,Jo"]
[Black "Vazquez,Guillermo"]
[Result "1/2-1/2"]
[WhiteElo "2486"]
[BlackElo "2345"]

1.e4 c5 2.Nf3 e6 3.d4 cxd4 4.Nxd4 Nc6 5.Nc3 Qc7 6.Ndb5 Qb8 7.Be3 a6 8.Bb6 axb5
9.Nxb5 Bb4+ 10.c3 Ba5 11.Nc7+ Qxc7 12.Bxc7 Bxc7 13.Qg4 Be5 14.f4 Nf6 15.Qf3 Bc7
16.Bc4 O-O 17.e5 Ne8 18.O-O d6 19.exd6 Nxd6 20.Bd3 Ne7 21.c4 Ndf5 22.Bxf5 Nxf5
23.b4 Rb8 24.a4 b6 25.Qc6 Bd8 26.Rfd1 Bb7 27.Qb5 h5 28.Ra3 Bf6 29.Rad3 Be4
30.Rd7 Rfc8 31.Qa6 Bc6 32.R7d3 Be4 33.Rd7 Bc3 34.Qa7 Bxb4 35.Rc7 Bc5+ 36.Kh1 Rf8
37.Rxf7 Rxf7 38.Qxb8+ Kh7 39.Qe5 Bc6 40.a5 Rf6 41.a6 Rg6 42.Rd5 exd5 43.cxd5 Bb5
44.a7 Bf1 45.g3 Bh3 46.a8=Q Bg4 47.Qe4 h4 48.Kg2 Ne3+ 49.Kf2 Nxd5+ 50.Ke1 Bb4+
51.Kf2 Bc5+ 52.Ke1 Bb4+ 53.Qxb4 Nxb4 54.Qe4 Nc6 55.f5 Bxf5 56.Qxf5 hxg3 57.hxg3 Ne7
58.Qe4 Ng8 59.Kf2 Nf6 60.Qf5  1/2-1/2

[Event "23rd World Seniors 2013"]
[Site "Opatija CRO"]
[Date "2013.11.18"]
[Round "6.83"]
[White "Benson,L"]
[Black "Choong,Liong-On Mark"]
[Result "1/2-1/2"]
[WhiteElo "2039"]
[BlackElo "1924"]

1.e4 c5 2.Nf3 e6 3.d4 cxd4 4.Nxd4 Nc6 5.Nc3 Qc7 6.Be3 a6 7.Be2 Nf6 8.a3 b5
9.O-O Bb7 10.Nxc6 dxc6 11.Bf3 a5 12.Qd4 Nd7 13.Rfe1 Bd6 14.g3 Be5 15.Qd2 Nb6
16.Bc5 Nc4 17.Qc1 h5 18.h4 O-O-O 19.Bg2 g5 20.hxg5 Bxg3 21.b3 Bh2+ 22.Kh1 Bf4
23.Be3 Nxe3 24.fxe3 Be5 25.Ne2 h4 26.Rb1 Qe7 27.Rg1 Bg3 28.Qf1 Rd2 29.Rd1 Rxd1
30.Qxd1 Qxg5 31.Qd4 Rd8 32.Qc3 Bf2 33.e5 Qg4 34.Nd4 Rxd4 35.Qxd4 Qxd4 36.exd4 Bxg1
37.Kxg1 Kd7 38.Kh2 Ke7 39.Kh3 f5 40.Kxh4 b4 41.axb4 axb4 42.Kg3 Kd7 43.Kf4 Ba6
44.Ke3 Bb5 45.Kd2 Ke7 46.c3 bxc3+ 47.Kxc3 Kd7  1/2-1/2

[Event "23rd World Seniors 2013"]
[Site "Opatija CRO"]
[Date "2013.11.18"]
[Round "6.1"]
[White "Rogulj,B"]
[Black "Hulak,K"]
[Result "1/2-1/2"]
[WhiteElo "2420"]
[BlackElo "2473"]

1.e4 c5 2.Nf3 Nc6 3.d4 cxd4 4.Nxd4 e6 5.Nc3 Qc7 6.g3 a6 7.Bg2 Nf6 8.O-O d6
9.Nxc6 bxc6 10.Na4 Bb7 11.c4 c5 12.Nc3 Be7 13.Re1  1/2-1/2

[Event "Piestany Open 2013"]
[Site "Piestany SVK"]
[Date "2013.11.18"]
[Round "1.17"]
[White "Nemergut,P"]
[Black "Benkovsky,Peter"]
[Result "1/2-1/2"]
[WhiteElo "1978"]
[BlackElo "1683"]

1.e4 e6 2.Nc3 c5 3.Nf3 Nc6 4.d4 cxd4 5.Nxd4 Nf6 6.Bf4 d6 7.Nxc6 bxc6 8.g4 e5
9.Bg5 Bxg4 10.Bxf6 Bxd1 11.Bxd8 Bf3 12.Bh4 Bxh1 13.Nb5 Rb8 14.Nc7+ Kd7 15.Na6 Re8
16.Bh3+ Re6 17.O-O-O Bxe4 18.Nc5+ Kc7 19.Nxe4 Rh6 20.Bg3 Rxh3 21.Ng5 Rh5
22.Nxf7 Rg8 23.Rd3 Rf5 24.Ra3 Kb6 25.Rb3+ Kc7 26.Ra3 Kb6 27.Rb3+  1/2-1/2

[Event "Piestany Open 2013"]
[Site "Piestany SVK"]
[Date "2013.11.19"]
[Round "2.23"]
[White "Mikus,Peter"]
[Black "Pozar,Daniel"]
[Result "1-0"]
[WhiteElo "1782"]
[BlackElo "1529"]

1.e4 c5 2.Nf3 Nc6 3.d4 cxd4 4.Nxd4 e6 5.Nc3 Bb4 6.Nxc6 Bxc3+ 7.bxc3 bxc6
8.Bd3 Ne7 9.O-O O-O 10.c4 Ba6 11.f4 d5 12.cxd5 Bxd3 13.cxd3 Qb6+ 14.Kh1 cxd5
15.Qf3 Qd4 16.Ba3 Rfe8 17.Rab1 Nc6 18.Bb2 Qa4 19.exd5 exd5 20.Qxd5 Nb4 21.Qd4 f6
22.a3 Red8 23.Qc4+ Kf8 24.axb4 Rac8 25.Qe4 Kg8 26.Rfc1 Rc2 27.Rxc2 Qxc2 28.Qc4+ Qxc4
29.dxc4 Rd2 30.Ba1 Kf7 31.c5 Ke6 32.g3 Kd5 33.Rc1 Kc6 34.Bc3 Re2 35.Kg1 Re4
36.Kf2 a6 37.Re1 Rc4 38.Re3 Kd5 39.Rd3+ Ke4 40.Rd4+ Rxd4 41.Bxd4 Kxd4 42.c6  1-0

[Event "Chennai GM Open 2013"]
[Site "Chennai IND"]
[Date "2013.11.20"]
[Round "8.1"]
[White "Aravindh,Chithambaram VR."]
[Black "Mozharov,M"]
[Result "1/2-1/2"]
[WhiteElo "2335"]
[BlackElo "2508"]

1.e4 c5 2.Nf3 e6 3.d4 cxd4 4.Nxd4 Nc6 5.Nc3 a6 6.Nxc6 bxc6 7.Bd3 d5 8.O-O Nf6
9.Kh1 Be7 10.f4 c5 11.e5 Nd7 12.b3 g6 13.Na4 Bb7 14.c4 d4 15.Be2 Qc7 16.Bf3 h5
17.Nb2 Kf8 18.Nd3 Kg7 19.Bd2 a5 20.a4 Nb8 21.Rb1 Bxf3 22.Qxf3 Nc6 23.Rb2 Rab8
24.Kg1 Rb7 25.Kf2 Rhb8  1/2-1/2

[Event "23rd World Seniors 2013"]
[Site "Opatija CRO"]
[Date "2013.11.20"]
[Round "8.52"]
[White "Malmdin,N"]
[Black "Batakovs,O"]
[Result "1-0"]
[WhiteElo "2191"]
[BlackElo "2075"]

1.e4 c5 2.Nf3 e6 3.d4 cxd4 4.Nxd4 Nc6 5.Nc3 Qc7 6.Be3 a6 7.Bd3 Nf6 8.O-O Ne5
9.Nf3 Nfg4 10.Nxe5 Nxe5 11.f4 Ng6 12.Qh5 Be7 13.Kh1 d6 14.Bd4 Bf8 15.a4 Bd7
16.a5 Ne7 17.Bb6 Qc8 18.f5 Nc6 19.fxe6 Bxe6 20.Nd5 Bxd5 21.exd5 Ne5 22.Rae1 Qd7
23.Rxe5+ dxe5 24.Qxe5+ Be7 25.Qxg7 Rf8 26.Re1 Qd6 27.Qd4 Rc8 28.Bf5  1-0

[Event "4th Brno Open 2013"]
[Site "Brno CZE"]
[Date "2013.11.21"]
[Round "7.10"]
[White "Saroun,R"]
[Black "Kearns,C"]
[Result "0-1"]
[WhiteElo "1875"]
[BlackElo "2158"]

1.e4 c5 2.Nf3 e6 3.d4 cxd4 4.Nxd4 Nc6 5.Nc3 Nf6 6.Ndb5 Bc5 7.Nd6+ Ke7 8.Bf4 e5
9.Nf5+ Kf8 10.Be3 Bb4 11.Qf3 d5 12.O-O-O Bxf5 13.Qxf5 Bxc3 14.Bc5+ Kg8 15.exd5 Nd4
16.Qg5 h6 17.Qg3 Ne4 18.Qe3 Bxb2+ 19.Kxb2 Nxc5 20.Qxe5 Qb6+ 21.Kc1 Nb5 22.d6 Rd8
23.Rd5 Nd7 24.Qe7 Nc3 25.Rf5 Nxa2+ 26.Kd2 Nf6 27.Bd3 Qb4+ 28.Kd1 Nc3+ 29.Kc1 Rxd6
30.Re1 Na2+ 31.Kd1 Rxd3+ 32.cxd3 Qb2  0-1

[Event "29th Voivoda Cup"]
[Site "Legnica POL"]
[Date "2013.11.21"]
[Round "1"]
[White "Agopov,M"]
[Black "Pieniazek,Ar"]
[Result "1-0"]
[WhiteElo "2435"]
[BlackElo "2348"]

1.e4 c5 2.Nf3 e6 3.d4 cxd4 4.Nxd4 Nc6 5.Nc3 Qc7 6.Be3 Nf6 7.Qd2 a6 8.O-O-O Be7
9.f3 O-O 10.g4 b5 11.g5 Nh5 12.Kb1 Rd8 13.Nce2 Bb7 14.Ng3 Nxd4 15.Nxh5 Nxf3
16.Qg2 Nh4 17.Qg4 Ng6 18.Bd3 d5 19.exd5 Bxd5 20.Rhf1 Qxh2 21.Bd4 e5 22.Bb6 Be6
23.Qf3 e4 24.Bxe4 Ne5 25.Bxa8 Nxf3 26.Bxd8 Nd2+ 27.Rxd2 Qxd2 28.Bxe7 Qd7
29.Ba3 Qe8 30.Bf3 a5 31.b3 Bf5 32.Bb2 Qc8 33.Bd1 Bg6 34.Nxg7 a4 35.Re1 f5
36.gxf6 axb3 37.axb3 Qh3 38.Re7 Qh1 39.Rd7 Bxc2+ 40.Kc1 Bxb3 41.f7+ Bxf7
42.Rd8+ Be8 43.Nxe8 Qh6+ 44.Kb1 Qg6+ 45.Bc2 Qg1+ 46.Rd1  1-0

[Event "St Louis Classic IM 2013"]
[Site "Saint Louis USA"]
[Date "2013.11.21"]
[Round "1.1"]
[White "Liang,Awonder"]
[Black "Homa,S"]
[Result "1/2-1/2"]
[WhiteElo "2247"]
[BlackElo "2348"]

1.e4 c5 2.Nf3 e6 3.d4 cxd4 4.Nxd4 Nc6 5.Nc3 Qc7 6.Be3 a6 7.Qd2 Nf6 8.O-O-O Bb4
9.f3 Ne7 10.Nde2 b5 11.a3 Ba5 12.Bf4 e5 13.Bg5 h5 14.Kb1 Bb7 15.Qd3 O-O-O
16.Bxf6 gxf6 17.Nd5 Nxd5 18.exd5 h4 19.Nc1 Kb8 20.Nb3 Bb6 21.Qe4 d6 22.a4 f5
23.Qb4 Bc5 24.Nxc5 dxc5 25.Qe1 bxa4 26.Bc4 f6 27.Qe2 Rd6 28.Rd3 Ka7 29.Rhd1 Bc8
30.Ba2 Bd7 31.Rc3 Rb8 32.Qf2 Rb5 33.Bc4 Rb4 34.Ba2 Qb6 35.Qxc5 Rxb2+ 36.Ka1 Qxc5
37.Rxc5 Rb5 38.Rc3 f4 39.Rcd3 Rc5 40.c4 Rb6 41.R3d2 Kb7 42.Rb2 Rxb2 43.Kxb2 Kc7
44.Kc3 Bf5 45.g3 fxg3 46.hxg3 hxg3 47.Rg1 Kd6 48.Rxg3 Rc8 49.Rg7 Rc7 50.Rg8 Rc8
51.Rxc8 Bxc8 52.Kb4 Bb7 53.c5+ Kc7 54.Kxa4 f5 55.Ka5 e4 56.fxe4 fxe4 57.d6+ Kd7
58.Kb6 e3 59.Bc4 Bf3 60.Bxa6 e2 61.Bb5+ Kd8 62.Bxe2 Bxe2 63.c6 Bf3 64.Kb7 Bxc6+
65.Kxc6 Kc8 66.d7+ Kd8 67.Kd6  1/2-1/2

[Event "TCh-SWE Elitserien 2013-14"]
[Site "Sweden SWE"]
[Date "2013.11.22"]
[Round "1.5"]
[White "Andersson,Fred2"]
[Black "Bejtovic,J"]
[Result "1/2-1/2"]
[WhiteElo "2280"]
[BlackElo "2394"]

1.e4 c5 2.Nf3 e6 3.d4 cxd4 4.Nxd4 Nc6 5.Nc3 Qc7 6.Be3 a6 7.Qd2 Nf6 8.O-O-O Bb4
9.f3 O-O 10.g4 b5 11.g5 Ne8 12.Nxc6 dxc6 13.Qf2 e5 14.Bc5 Bxc5 15.Qxc5 Be6
16.h4 Rb8 17.h5 f6 18.g6 h6 19.Bh3 Bxh3 20.Rxh3 Qc8 21.Rh2 Qe6 22.Qa7 Rc8
23.Rd7 b4 24.Na4 Qxa2 25.Nb6 Qa1+ 26.Kd2 Qg1 27.Re2 Rc7 28.Rxc7  1/2-1/2

[Event "Bundesliga 2013-14"]
[Site "Muelheim GER"]
[Date "2013.11.23"]
[Round "3"]
[White "Volokitin,And"]
[Black "Najer,E"]
[Result "0-1"]
[WhiteElo "2683"]
[BlackElo "2628"]

1.e4 c5 2.Nf3 e6 3.d4 cxd4 4.Nxd4 Nc6 5.Nc3 Qc7 6.Be3 a6 7.Qd2 Nf6 8.O-O-O Be7
9.f3 b5 10.g4 Nxd4 11.Qxd4 Bb7 12.g5 Nh5 13.Kb1 Rc8 14.Qd2 b4 15.Ne2 d5 16.e5 d4
17.Nxd4 O-O 18.Be2 Rfd8 19.Qc1 g6 20.Rhe1 Qxe5 21.f4 Qc7 22.f5 e5 23.fxg6 hxg6
24.Bxh5 gxh5 25.Nf5 Be4 26.Nxe7+ Qxe7 27.Rxd8+ Qxd8 28.Re2 Bg6 29.b3 a5 30.Bf2 Qd5
31.Bg3 a4 32.Rd2 Qf3 33.bxa4 b3 34.axb3 Qxb3+ 35.Qb2 Qxa4 36.Bxe5 Kh7 37.Kc1 Qe4
38.Bf6 Qe1+ 39.Rd1 Qe3+ 40.Rd2 Qg1+ 41.Rd1 Qxh2 42.Rd2 Qg1+ 43.Rd1 Qe3+ 44.Rd2 Rxc2+
45.Qxc2 Bxc2 46.Kxc2 h4 47.Rd3 Qe4 48.Kd2 Qg2+ 49.Ke3 Kg6 50.Kf4 Qf2+ 51.Rf3 Qh2+
52.Ke4 h3 53.Be5 Qe2+ 54.Re3 Qg2+ 55.Rf3 h2 56.Bxh2 Qe2+ 57.Re3 Qxh2  0-1

[Event "UT Dallas IM Inv 2013"]
[Site "Dallas USA"]
[Date "2013.11.24"]
[Round "5.5"]
[White "Gater,Daniel"]
[Black "Calugar,A"]
[Result "1/2-1/2"]
[WhiteElo "2115"]
[BlackElo "2334"]

1.e4 c5 2.Nf3 e6 3.d4 cxd4 4.Nxd4 Nc6 5.Nc3 Qc7 6.Be3 a6 7.Qd2 Nf6 8.f3 b5
9.Nb3 Ne5 10.Qd4 Bb7 11.O-O-O Rc8 12.a3 Be7 13.Kb1 O-O 14.Be2 d5 15.Bf4 Bd6
16.Bg3 Rfd8 17.Rd2 dxe4 18.Rhd1 exf3 19.gxf3 Bd5 20.Ne4 Nxe4 21.fxe4 Bxb3
22.cxb3 f6 23.Bxe5 fxe5 24.Qd3 Be7 25.Qh3 Qc6 26.Ka2 Rxd2 27.Rxd2 Bg5 28.Bg4 Re8
29.Rg2 Bf4 30.Qd3 Rc8 31.Qh3 Re8 32.Qd3  1/2-1/2

[Event "Bundesliga 2013-14"]
[Site "Hamburg GER"]
[Date "2013.11.24"]
[Round "4"]
[White "Kraemer,Mart"]
[Black "Efimenko,Z"]
[Result "0-1"]
[WhiteElo "2546"]
[BlackElo "2661"]

1.e4 c5 2.Nf3 e6 3.d4 cxd4 4.Nxd4 Nc6 5.Nc3 d6 6.g4 a6 7.Be3 Nge7 8.Nb3 b5
9.Qe2 Bb7 10.O-O-O Na5 11.f4 Nc4 12.Rg1 Rc8 13.Qf2 Nxe3 14.Qxe3 Qc7 15.Bd3 Nc6
16.Kb1 g6 17.h4 Bg7 18.Bxb5 O-O 19.Bxc6 Qxc6 20.Nd4 Qb6 21.Rd3 Rxc3  0-1

[Event "29th Voivoda Cup"]
[Site "Legnica POL"]
[Date "2013.11.25"]
[Round "7"]
[White "Dastan,B"]
[Black "Pieniazek,Ar"]
[Result "1/2-1/2"]
[WhiteElo "2410"]
[BlackElo "2348"]

1.e4 c5 2.Nf3 e6 3.d4 cxd4 4.Nxd4 Nc6 5.Nc3 Qc7 6.Be3 a6 7.Bd3 Nf6 8.O-O Ne5
9.h3 Bc5 10.Kh1 d6 11.f4 Ng6 12.f5 Ne5 13.Qe1 Bd7 14.Qh4 O-O-O 15.Rab1 Qb6
16.Qf2 Neg4 17.hxg4 Nxg4 18.Qg3 Nxe3 19.Qxe3 Bxd4 20.Qh3 h5 21.Ne2 Be5 22.Nf4 Rh6
23.Bc4 g5 24.fxe6 fxe6 25.Nd3 Bd4 26.c3 Bh8 27.Bb3 e5 28.Qg3 a5 29.Qxg5 Rh7
30.Rbe1 Rg7 31.Qe3 Qxe3 32.Rxe3 Rg6 33.Bd5 Rf6 34.Ref3 Rdf8 35.Rxf6 Rxf6
36.Rxf6 Bxf6 37.Kg1  1/2-1/2

[Event "XXVII Belgrade Trophy"]
[Site "Obrenovac SRB"]
[Date "2013.11.25"]
[Round "2.21"]
[White "Popovic,Ml"]
[Black "Cvetkovic,Sr"]
[Result "1/2-1/2"]
[WhiteElo "2156"]
[BlackElo "2368"]

1.e4 c5 2.Nf3 e6 3.d4 cxd4 4.Nxd4 Nc6 5.Nc3 a6 6.Be2 d6 7.Be3 Nf6 8.Qd2 Be7
9.O-O-O O-O 10.Nb3 b5 11.f3 Ne5 12.Kb1 Bb7 13.Qd4 Rc8 14.a4 Nc6 15.Qb6 Qxb6
16.Bxb6 bxa4 17.Nxa4 Nd7 18.Bf2 Nb4 19.c3 Bc6 20.Nb6 Nxb6 21.Bxb6 Ba4 22.cxb4 Bxb3
23.Bxa6  1/2-1/2

[Event "XXVII Belgrade Trophy"]
[Site "Obrenovac SRB"]
[Date "2013.11.26"]
[Round "3.21"]
[White "Bukvic,M"]
[Black "Rajkovic,Du"]
[Result "1/2-1/2"]
[WhiteElo "2160"]
[BlackElo "2389"]

1.e4 c5 2.Nf3 e6 3.d4 cxd4 4.Nxd4 Nc6 5.Nc3 Qc7 6.Be3 a6 7.Bd3 Nf6 8.Nxc6 bxc6
9.f4 d5 10.e5 Nd7 11.Ne2 Bc5 12.Bxc5 Nxc5 13.b3 Qb6 14.c3 a5 15.Bc2 Ba6 16.Qd4 O-O
17.Ng3 f6 18.exf6 Rxf6 19.O-O-O Nd7 20.Qxb6 Nxb6 21.Rhe1 Re8 22.f5 g6 23.fxe6 Rexe6
24.Rxe6 Rxe6 25.Bd3 Bxd3 26.Rxd3  1/2-1/2

[Event "St Louis Classic IM 2013"]
[Site "Saint Louis USA"]
[Date "2013.11.26"]
[Round "6.3"]
[White "Liang,Awonder"]
[Black "Vibbert,Sean"]
[Result "0-1"]
[WhiteElo "2247"]
[BlackElo "2318"]

1.e4 c5 2.Nf3 e6 3.d4 cxd4 4.Nxd4 Nc6 5.Nc3 Qc7 6.Be2 a6 7.Be3 Nf6 8.O-O b5
9.Nxc6 dxc6 10.Bd3 Bb7 11.Bg5 c5 12.Re1 c4 13.Bf1 Bd6 14.h3 b4 15.Bxf6 gxf6
16.Nb1 c3 17.bxc3 Rd8 18.Qf3 Be5 19.Bd3 f5 20.Qe2 Qc6 21.Nd2 Bxc3 22.Rad1 Rg8
23.f3 f4 24.Kh1 e5 25.Rf1 Rg3 26.Nb3 Bc8 27.Bc4 Rxd1 28.Rxd1 Bxh3 29.Na5 Qh6  0-1

[Event "St Louis Classic IM 2013"]
[Site "Saint Louis USA"]
[Date "2013.11.26"]
[Round "8.4"]
[White "Agrest,I"]
[Black "Vibbert,Sean"]
[Result "0-1"]
[WhiteElo "2160"]
[BlackElo "2318"]

1.e4 c5 2.Nf3 e6 3.d4 cxd4 4.Nxd4 Nc6 5.Nc3 Qc7 6.Be3 a6 7.Qd2 Nf6 8.f3 b5
9.Nxc6 dxc6 10.O-O-O e5 11.Qf2 Be6 12.Bb6 Qe7 13.Kb1 Nd7 14.Be3 Qd8 15.Qg3 Qa5
16.Rxd7 Kxd7 17.Qxe5 Bd6 18.Qd4 b4 19.Bf4 Qc5 20.Qxc5 Bxc5 21.Na4 Bf2 22.Be2 Ke7
23.c3 bxc3 24.bxc3 Rhd8 25.Nb2 f6 26.h4 a5 27.a4 Rd7 28.Nc4 Bxc4 29.Bxc4 Rad8
30.Kc2 Bc5 31.g4 Rb7 32.Bc1 Rdb8 33.g5 Rb1 34.gxf6+ gxf6 35.Rh3 Be3 36.Ba3+ c5
37.Bb5 Ra1 38.Bb2 Rg1 39.Kd3 Bf4 40.Ba3 Rc8 41.h5 Kd6 42.Kc4 Rc7 43.h6 Rg6
44.Rh5 Bg5 45.Rh1 Rxh6 46.Rd1+ Ke6 47.Rd3 Bf4 48.Be8 Ke7 49.Bb5 Rh5 50.Rd5 Rg5
51.Rxg5 Bxg5 52.Kd5 Be3 53.e5 h5 54.e6 h4 55.Bf1 Rc8 56.Bh3 Rb8 57.Bxc5+ Bxc5
58.Kxc5 Rg8 59.Kd4  0-1

[Event "2nd Hyderabad GM Open 2013"]
[Site "Hyderabad IND"]
[Date "2013.11.28"]
[Round "5.7"]
[White "Soumya,Sw"]
[Black "Ter Sahakyan,S"]
[Result "1/2-1/2"]
[WhiteElo "2348"]
[BlackElo "2568"]

1.e4 c5 2.Nf3 Nc6 3.d4 cxd4 4.Nxd4 e6 5.Nc3 Qc7 6.Be3 a6 7.Qd2 Nf6 8.f3 b5
9.O-O-O Be7 10.g4 Nxd4 11.Qxd4 Bb7 12.g5 Nh5 13.Qd2 Rd8 14.Bd3 Bb4 15.Kb1 O-O
16.Qe1 Bxc3 17.Qxc3 Qxc3 18.bxc3 d5 19.Rhf1 Rc8 20.Kb2 g6 21.e5 Rc6 22.f4 Rfc8
23.Bd4 R6c7 24.Rf2 Bc6 25.Kc1 Rb7 26.Kd2 Kf8 27.Rb1 Ke7 28.Ke3 Rh8 29.Rf3 h6
30.Rbf1 Rbb8 31.h4 Ng7 32.Kd2 Rbc8 33.R3f2 Rc7 34.Be3 h5 35.Bd4 Rhc8 36.Rb1 Bd7
37.a3 Rc4 38.Bxc4 dxc4 39.Rh2 Nf5 40.Ke2 Bc6 41.Bc5+ Kd7 42.Rd1+ Bd5 43.Bb6 Kc6
44.Ba5 Rb8 45.Kf2 Rb7 46.Rd2 Rd7 47.Kg1 Ng3 48.Rd4 Nf5 49.Rdd2 Rd8 50.Kf2 Ra8
51.Ke1 Ng3 52.Rh3 Ne4 53.Rd1 Nc5 54.Bb4 Na4 55.Rd4 a5 56.Bd6 Nb6 57.Kd2 Re8
58.Re3 Nc8 59.Re1 Rd8 60.Ke3 Nxd6 61.exd6 Rxd6 62.Rb1 Kc5 63.Rd2 Rd8 64.Kf2 Rc8
65.Rd4 Re8 66.Rbd1 Rb8 67.R4d2 Rb7 68.Ke3 Re7 69.Kf2 Rb7 70.Rb1 Re7 71.Rbd1 b4
72.axb4+ axb4 73.cxb4+ Kxb4 74.Ke3 Kc3 75.Ra1 Rb7 76.Ra3+ Kb2 77.Ra6 c3 78.Rf2 Rb4
79.Rd6 Ba2 80.Rd4 Rb5 81.Rd7 Bb1 82.Kd3 Rb6 83.Rd8 Rb7 84.Rd6 Rb8 85.Rd7 Rb6
86.Rd8 Rb7 87.Rd6 Rb8 88.Rd7 Rb6 89.Rd8  1/2-1/2

[Event "9th Ugra Governor's Cup"]
[Site "Khanty-Mansiysk RUS"]
[Date "2013.11.28"]
[Round "1.5"]
[White "Oparin,G"]
[Black "Khairullin,I"]
[Result "1/2-1/2"]
[WhiteElo "2520"]
[BlackElo "2653"]

1.e4 c5 2.Nf3 e6 3.d4 cxd4 4.Nxd4 Nc6 5.Nc3 a6 6.Be2 d6 7.O-O Nf6 8.Be3 Bd7
9.a4 Be7 10.f4 Nxd4 11.Qxd4 Bc6 12.Bf3 O-O 13.Rfd1 Rc8 14.a5 Nd7 15.Qd2 Qc7
16.Ne2 Nf6 17.Bb6 Qb8 18.Qe3 Bb5 19.Nc3 Bc6 20.Ne2 Bb5 21.Nc3 Bc6 22.Kh1 Nd7
23.Ba7 Qc7 24.Ne2 Bf6 25.c3 Ra8 26.Rd2 Bb5 27.Rad1 Be7 28.Ra1 Rfc8 29.Qf2 Nc5
30.Bb6 Qb8 31.Nd4 Bd7 32.b3 e5 33.Bxc5 Rxc5 34.Ne2 Qc7 35.b4 Rc4 36.fxe5 dxe5
37.Rd3 Rd8 38.Rad1 Be6 39.Rxd8+ Bxd8 40.Qe3 Be7 41.h3 Qc8 42.Qf2 g6 43.Qg3 f6
44.Rd3 Kf7 45.Qh4 Kg7 46.Qe1 Rc7 47.Ng3 Rd7 48.Rxd7 Qxd7 49.Nf1 Qd3 50.Ne3 Bb3
51.Ng4 h5  1/2-1/2

[Event "TCh-CZE Extraliga 2013-14"]
[Site "Grygov CZE"]
[Date "2013.11.30"]
[Round "3.2"]
[White "Jurcik,Mari"]
[Black "Stachowiak,K"]
[Result "1/2-1/2"]
[WhiteElo "2481"]
[BlackElo "2450"]

1.e4 c5 2.Nf3 e6 3.d4 cxd4 4.Nxd4 Nc6 5.Nc3 Qc7 6.Be3 a6 7.Qf3 b5 8.Qg3 Qxg3
9.hxg3 Nf6 10.f3 Bb7 11.Nxc6 Bxc6 12.g4 d6 13.a4 b4 14.Ne2 e5 15.Ng3 g6 16.g5 Nd7
17.Bc4 Be7 18.a5 O-O 19.Nf1 Nc5 20.Nh2 Ne6 21.Bxe6 fxe6 22.Ng4 Rac8 23.O-O-O Ba4
24.Rd2 b3 25.c3 Bb5 26.Nf6+ Bxf6 27.gxf6 Rc6 28.Rhd1 Rxf6 29.Rxd6 Rxd6 30.Rxd6 g5
31.Rd2 g4 32.fxg4 Rf1+  1/2-1/2

[Event "2nd Hyderabad GM Open 2013"]
[Site "Hyderabad IND"]
[Date "2013.11.30"]
[Round "7.5"]
[White "Mozharov,M"]
[Black "Gagunashvili,M"]
[Result "1-0"]
[WhiteElo "2508"]
[BlackElo "2556"]

1.e4 c5 2.Nf3 e6 3.d4 cxd4 4.Nxd4 Nc6 5.Nc3 Qc7 6.Be3 a6 7.Qd2 Nf6 8.f4 b5
9.e5 b4 10.Ncb5 axb5 11.Nxb5 Qb8 12.exf6 gxf6 13.a4 Be7 14.Bd3 f5 15.O-O O-O
16.Qf2 Ba6 17.Rfd1 d5 18.c4 bxc3 19.bxc3 Bf6 20.Rab1 Qc8 21.Be2 Rd8 22.Bb6 Rd7
23.c4 Ne7 24.c5 Nc6 25.Nd6 Qf8 26.Bb5 Bxb5 27.axb5 Ne7 28.Nc4 Qc8 29.c6 Nxc6
30.bxc6 Qxc6 31.Ne5 Bxe5 32.fxe5 Rb7 33.Bc5 h6 34.Rbc1  1-0

[Event "TCh-CZE Extraliga 2013-14"]
[Site "Litovel CZE"]
[Date "2013.11.30"]
[Round "3.7"]
[White "Vlasak,Lu"]
[Black "Rehorek,M"]
[Result "1-0"]
[WhiteElo "2336"]
[BlackElo "2315"]

1.e4 c5 2.Nf3 e6 3.d4 cxd4 4.Nxd4 Nc6 5.Nc3 a6 6.Nxc6 bxc6 7.Bd3 d5 8.O-O Nf6
9.Qe2 Be7 10.b3 O-O 11.Bb2 Qc7 12.e5 Nd7 13.Na4 c5 14.c4 d4 15.f4 Bb7 16.Rae1 f5
17.exf6 Rxf6 18.Bc1 Bd6 19.Be4 Raf8 20.Nb2 Bc6 21.Nd3 Qb7 22.Bxc6 Qxc6 23.Qg4 Bc7
24.Ba3 a5 25.Qf3 Qxf3 26.Rxf3 Bd6 27.Rff1 h6 28.g3 g6 29.Nf2 e5 30.Ng4 Re6
31.fxe5 Rxf1+ 32.Kxf1 h5 33.Nh6+ Kg7 34.exd6 Rxd6 35.Bc1 d3 36.Bd2 Nf6 37.Re7+ Kf8
38.Re5 Rd4 39.Ke1 Ne4 40.Rd5 Kg7 41.Rxd4 cxd4 42.g4  1-0

[Event "34th Crespi Trophy 2013"]
[Site "Milano ITA"]
[Date "2013.11.30"]
[Round "1.7"]
[White "Motola,Jacopo"]
[Black "Bejtovic,J"]
[Result "0-1"]
[WhiteElo "2073"]
[BlackElo "2394"]

1.e4 c5 2.Nf3 e6 3.d4 cxd4 4.Nxd4 Nc6 5.Nc3 Qc7 6.g3 a6 7.Bg2 d6 8.O-O Bd7
9.a4 Nf6 10.Nb3 Be7 11.Kh1 O-O 12.f4 Nb4 13.Qe2 Rac8 14.Be3 Qc4 15.Qxc4 Rxc4
16.Rfc1 d5 17.Na5 Rc7 18.Bb6 Rcc8 19.e5 Ng4 20.h3 Nh6 21.Nxb7 Nf5 22.g4 d4
23.Ne2 Ne3 24.Be4 Nexc2 25.Rab1 d3 26.Nc3 Bc6 27.Nd6 Bxe4+ 28.Ncxe4 Rc6 29.Ba5 Nd5
30.Bd2 Rb8 31.Nf2 Rb3 32.Nde4 Bh4 33.Kg1 f6 34.exf6 gxf6 35.Nc3 Nxc3 36.bxc3 Bxf2+
37.Kxf2 Rcb6 38.Rxb3 Rxb3 39.Kf3 f5 40.gxf5 exf5 41.Rg1+ Kf7 42.Rg5 Ke6 43.Rh5 Rb1
44.c4 Rf1+ 45.Kg3 Rd1 46.Bc3 d2 47.Rh6+ Kf7 48.Bxd2 Rxd2 49.Rxh7+ Kg6 50.Rb7 Rd6
51.c5 Rc6 52.Rb6 Nd4 53.Rxc6+ Nxc6 54.h4 Kh5 55.Kh3 Nd4 56.Kg3 a5 57.Kh3 Ne6
58.c6 Nxf4+ 59.Kg3 Nd5  0-1

[Event "XXVII Belgrade Trophy"]
[Site "Obrenovac SRB"]
[Date "2013.11.30"]
[Round "7.26"]
[White "Illijin,N"]
[Black "Cvetkovic,Sr"]
[Result "1/2-1/2"]
[WhiteElo "2175"]
[BlackElo "2368"]

1.e4 c5 2.Nf3 e6 3.d4 cxd4 4.Nxd4 Nc6 5.Nc3 a6 6.Be2 d6 7.Be3 Bd7 8.O-O Nf6
9.Bf4 Qc7 10.Nb3 b5  1/2-1/2

[Event "XXVII Belgrade Trophy"]
[Site "Obrenovac SRB"]
[Date "2013.11.30"]
[Round "7.25"]
[White "Devetak,D"]
[Black "Rajkovic,Du"]
[Result "0-1"]
[WhiteElo "2147"]
[BlackElo "2389"]

1.e4 c5 2.Nf3 Nc6 3.d4 cxd4 4.Nxd4 e6 5.Nc3 Qc7 6.Nxc6 bxc6 7.Bd3 Nf6 8.O-O Be7
9.f4 d5 10.Qe2 h5 11.b3 Qa5 12.Na4 dxe4 13.Bxe4 Nxe4 14.Qxe4 Qd5 15.Qe3 c5
16.c4 Qc6 17.Bb2 h4 18.Qf3 Bb7 19.Qxc6+ Bxc6 20.f5 Rh5 21.fxe6 fxe6 22.Rad1 Rg5
23.Rf2 Bxa4 24.bxa4 Rb8 25.Re1 Rb6 26.a5 Rd6 27.Be5 Ra6 28.Bf4 Rg6 29.Rb1 Bf6
30.Rb8+ Kf7 31.Rb5 Kg8 32.Be3 Rg4 33.Rxc5 Re4 34.Rc8+ Kh7 35.Rf3 Rxa5 36.Rxf6 gxf6
37.Rc7+ Kg6 38.Bxa7 Rxa2 39.h3 Re1+ 40.Kh2 Raa1  0-1

[Event "TCh-CZE Extraliga 2013-14"]
[Site "Litovel CZE"]
[Date "2013.12.01"]
[Round "4.5"]
[White "Oral,T"]
[Black "Svoboda,V2"]
[Result "1/2-1/2"]
[WhiteElo "2528"]
[BlackElo "2428"]

1.e4 c5 2.Nf3 e6 3.d4 cxd4 4.Nxd4 Nc6 5.Nc3 Qc7 6.Be2 a6 7.O-O Nf6 8.Be3 Bb4
9.Na4 O-O 10.c4 Bd6 11.g3 Nxe4 12.Bf3 Nf6 13.c5 Be7 14.Rc1 Nxd4 15.Bxd4 e5
16.Bxe5 Qxe5 17.Re1 Qg5 18.h4 Qf5 19.Rxe7 Rb8 20.Nb6 d6 21.cxd6 Be6 22.Bxb7 Ng4
23.Qd4 Ne5 24.f4 Qg4 25.Qe3 Ng6 26.Bxa6 Rxb6 27.Be2 Qh3 28.Bf1 Qg4 29.Be2 Qh3
30.Bf1 Qg4 31.Be2 Qh3  1/2-1/2